[Event "Politiken Cup 31st"]
[Site "Helsingor"]
[Date "2009.07.22"]
[Round "6"]
[White "Bruun, Henrik Emil"]
[Black "Pallesen, Jorn"]
[Result "1-0"]
[WhiteElo "2093"]
[BlackElo "1701"]
[PlyCount "81"]
[EventDate "2009.07.18"]
[EventType "swiss"]
[EventRounds "10"]
[EventCountry "DEN"]
[SourceTitle "CBM 131 Extra"]
[Source "ChessBase"]
[SourceDate "2009.09.03"]
[SourceVersion "2"]
[SourceVersionDate "2009.09.16"]
[SourceQuality "1"]

1. e4 c5 2. Nf3 g6 3. d4 cxd4 4. Nxd4 Nc6 5. Be3 Bg7 6. Nc3 d6 7. Qd2 Nf6 8. f3 0-0 9. 0-0-0 Qa5 10. Kb1 Bd7 11. g4 Nxd4 12. Bxd4 Be6 13. Nd5 Qxd2 14. Nxe7+ Kh8 15. Rxd2 Rfe8 16. Bxf6 Bxf6 17. Nd5 Bg5 18. Rd4 Rac8 19. Bc4 Rc5 20. Bb3 Kg7 21. Rhd1 Rec8 22. c3 b5 23. Nb4 Be7 24. Bd5 Bxd5 25. Nxd5 Bf8 26. a4 a6 27. Kc2 Kh6 28. axb5 axb5 29. Ra1 Bg7 30. Rb4 f5 31. gxf5 gxf5 32. Ne7 Bxc3 33. bxc3 Rxc3+ 34. Kd1 Rd3+ 35. Ke2 Rcc3 36. Nxf5+ Kg6 37. Rxb5 Kf6 38. Ra6 Rxf3 39. Rxd6+ Kf7 40. Rb7+ Ke8 41. Ng7+ 1-0

[Event "Politiken Cup 30th"]
[Site "Helsingor"]
[Date "2008.07.26"]
[Round "9"]
[White "Pallesen, Jorn"]
[Black "Rasmussen, Henning Lau"]
[Result "0-1"]
[WhiteElo "1696"]
[BlackElo "1953"]
[PlyCount "126"]
[EventDate "2008.07.19"]
[EventType "swiss"]
[EventRounds "10"]
[EventCountry "DEN"]
[SourceTitle "CBM 125 Extra"]
[Source "ChessBase"]
[SourceDate "2008.09.01"]
[SourceVersion "1"]
[SourceVersionDate "2008.09.01"]
[SourceQuality "1"]

1. e4 c5 2. Nc3 Nc6 3. f4 e6 4. Nf3 a6 5. Be2 b5 6. 0-0 Bb7 7. d3 Nd4 8. Nxd4 cxd4 9. Nb1 Nf6 10. Nd2 Rc8 11. Nf3 Bc5 12. Bd2 0-0 13. Rc1 a5 14. a3 Qb6 15. Qe1 b4 16. axb4 axb4 17. Qg3 Nxe4 18. Qh3 Nxd2 19. Nxd2 f5 20. Nc4 Qd8 21. Ne5 Rf6 22. Bh5 d6 23. Nf3 g6 24. Qg3 Kh8 25. Rce1 gxh5 26. Ng5 Qg8 27. Qh4 Qg6 28. Rf2 Bd5 29. h3 h6 30. Nf3 Kh7 31. Kh2 Rg8 32. Rg1 Rf7 33. Ne1 Rfg7 34. Re2 Qg3+ 35. Qxg3 Rxg3 36. b3 R3g6 37. h4 Ra8 38. g3 Ra1 39. Rf1 Rg7 40. Rff2 Rga7 41. Ng2 Kg7 42. Ne1 Kf6 43. Nf3 Rc1 44. Kh3 Bxf3 45. Rxf3 Raa1 46. Rff2 Rh1+ 47. Kg2 Rag1+ 48. Kf3 Rf1 49. Kg2 Rxf2+ 50. Rxf2 Ra1 51. Re2 e5 52. Kf3 Bb6 53. Kg2 Bc7 54. Kf3 d5 55. Rf2 e4+ 56. Ke2 Ra2 57. Kf1 Rb2 58. Ke1 exd3 59. Kd1 Rxc2 60. Rxc2 dxc2+ 61. Kxc2 d3+ 62. Kxd3 Bb6 63. Kd2 Bf2 0-1

[Event "Politiken Cup 30th"]
[Site "Helsingor"]
[Date "2008.07.23"]
[Round "6"]
[White "Ochsner, Bjorn Moller"]
[Black "Pallesen, Jorn"]
[Result "1/2-1/2"]
[WhiteElo "1963"]
[BlackElo "1696"]
[PlyCount "66"]
[EventDate "2008.07.19"]
[EventType "swiss"]
[EventRounds "10"]
[EventCountry "DEN"]
[SourceTitle "CBM 125 Extra"]
[Source "ChessBase"]
[SourceDate "2008.09.01"]
[SourceVersion "1"]
[SourceVersionDate "2008.09.01"]
[SourceQuality "1"]

1. e4 c5 2. Nf3 g6 3. d4 cxd4 4. Nxd4 Bg7 5. c4 Nf6 6. Nc3 Nc6 7. Nc2 0-0 8. Be2 d6 9. 0-0 Bd7 10. Bd2 Rc8 11. f4 Na5 12. Ne3 Nc6 13. Kh1 Nd4 14. Bd3 Bc6 15. Rc1 Nd7 16. b4 Nf6 17. b5 Bd7 18. Qe1 Ne6 19. Qh4 Nc5 20. Bc2 e6 21. Rfd1 Ne8 22. Qg3 Nf6 23. Be1 Nh5 24. Qf3 Qe7 25. f5 Bf6 26. Ne2 Bg5 27. g4 Ng7 28. Bg3 Ne8 29. Nf4 b6 30. Qf2 a6 31. a4 axb5 32. cxb5 Ra8 33. Ra1 Bf6 1/2-1/2

[Event "Politiken Cup 30th"]
[Site "Helsingor"]
[Date "2008.07.19"]
[Round "1"]
[White "Pallesen, Jorn"]
[Black "Kristensen, Kjell Ole"]
[Result "0-1"]
[WhiteElo "1696"]
[BlackElo "2159"]
[PlyCount "80"]
[EventDate "2008.07.19"]
[EventType "swiss"]
[EventRounds "10"]
[EventCountry "DEN"]
[SourceTitle "CBM 125 Extra"]
[Source "ChessBase"]
[SourceDate "2008.09.01"]
[SourceVersion "1"]
[SourceVersionDate "2008.09.01"]
[SourceQuality "1"]

1. e4 c5 2. Nf3 e6 3. Nc3 Nc6 4. d4 cxd4 5. Nxd4 a6 6. Be3 d6 7. Bc4 Bd7 8. 0-0 Nf6 9. Bb3 Be7 10. h3 0-0 11. Qd2 Rc8 12. Rae1 Na5 13. Qe2 b5 14. a3 Nc4 15. Bc1 Qb6 16. Bxc4 Rxc4 17. Nf3 Rfc8 18. Be3 Qb8 19. Nd2 R4c7 20. Bf4 e5 21. Bg5 Be6 22. f4 b4 23. axb4 Qxb4 24. f5 Qxb2 25. fxe6 Qxc3 26. exf7+ Kxf7 27. Rf3 Qxc2 28. Ref1 Kg8 29. Bxf6 Bxf6 30. Rg3 Rf8 31. Rf2 Qc5 32. Kh1 a5 33. Rf5 Qd4 34. Nf3 Qc4 35. Qf2 Rcf7 36. Nd2 Qc1+ 37. Kh2 Bh4 38. Rxg7+ Kxg7 39. Qxh4 Rxf5 40. Qg4+ Kh8 0-1

[Event "Fyn-ch"]
[Site "Odense"]
[Date "2008.03.06"]
[Round "6"]
[White "Pallesen, Jorn"]
[Black "Nielsen, Jan3333"]
[Result "1-0"]
[WhiteElo "1514"]
[BlackElo "1416"]
[PlyCount "97"]
[EventDate "2008.01.10"]
[EventType "swiss"]
[EventRounds "7"]
[EventCountry "DEN"]
[SourceTitle "EXT 2018"]
[Source "ChessBase"]
[SourceDate "2017.10.13"]
[SourceVersion "1"]
[SourceVersionDate "2017.10.13"]
[SourceQuality "1"]

1. e4 e5 2. Nf3 Nc6 3. Bb5 d6 4. 0-0 Nf6 5. Re1 Be7 6. c3 0-0 7. h3 Bd7 8. d4 exd4 9. cxd4 a6 10. Ba4 b5 11. Bb3 Na5 12. Bc2 c6 13. Qd3 g6 14. Nc3 Nb7 15. Qe3 Ne8 16. Qh6 Ng7 17. Ng5 Bxg5 18. Bxg5 f6 19. Bh4 Qc8 20. e5 Nf5 21. Bxf5 Bxf5 22. Bxf6 Rf7 23. Ne4 Bxe4 24. Rxe4 dxe5 25. dxe5 Qf8 26. Qxf8+ Raxf8 27. Rc1 c5 28. b3 Re8 29. Re3 a5 30. g4 Rc7 31. Kg2 Rc6 32. Kg3 a4 33. Kh4 axb3 34. axb3 Nd8 35. Bxd8 Rxd8 36. f4 Rd4 37. Kg3 c4 38. f5 gxf5 39. gxf5 Kf7 40. e6+ Ke7 41. f6+ Kxf6 42. e7 Rc8 43. Rf1+ Kg7 44. e8Q Rxe8 45. Rxe8 Rd3+ 46. Rf3 Rxb3 47. Rxb3 cxb3 48. Rb8 b2 49. Rxb5 1-0

[Event "Fyn-ch"]
[Site "Odense"]
[Date "2008.01.31"]
[Round "3"]
[White "Pallesen, Jorn"]
[Black "Jensen, Jens Skjoldborg"]
[Result "1-0"]
[WhiteElo "1514"]
[BlackElo "1503"]
[PlyCount "61"]
[EventDate "2008.01.10"]
[EventType "swiss"]
[EventRounds "7"]
[EventCountry "DEN"]
[SourceTitle "EXT 2018"]
[Source "ChessBase"]
[SourceDate "2017.10.13"]
[SourceVersion "1"]
[SourceVersionDate "2017.10.13"]
[SourceQuality "1"]

1. e4 c5 2. Nc3 Nc6 3. f4 e6 4. Nf3 d6 5. Bb5 Bd7 6. 0-0 a6 7. Bxc6 Bxc6 8. d3 Nf6 9. Qe1 Be7 10. Qg3 g6 11. Bd2 Qd7 12. Rae1 Nh5 13. Qf2 0-0 14. g4 Ng7 15. Ne2 f5 16. gxf5 exf5 17. e5 Rfe8 18. Bc3 b5 19. exd6 Bxd6 20. b3 Qc7 21. Ng5 h6 22. Nh3 Re6 23. Qh4 Nh5 24. Ng3 Rxe1 25. Rxe1 Nxg3 26. Qxh6 Ne2+ 27. Rxe2 Be4 28. Qh8+ Kf7 29. Ng5+ Ke7 30. Qg7+ Kd8 31. Ne6+ 1-0

[Event "Fyn-ch"]
[Site "Odense"]
[Date "2008.01.10"]
[Round "1"]
[White "Pallesen, Jorn"]
[Black "Hansen, Mads"]
[Result "0-1"]
[WhiteElo "1514"]
[BlackElo "1880"]
[PlyCount "62"]
[EventDate "2008.01.10"]
[EventType "swiss"]
[EventRounds "7"]
[EventCountry "DEN"]
[SourceTitle "EXT 2018"]
[Source "ChessBase"]
[SourceDate "2017.10.13"]
[SourceVersion "1"]
[SourceVersionDate "2017.10.13"]
[SourceQuality "1"]

1. e4 c5 2. Nf3 Nc6 3. Nc3 e6 4. d4 cxd4 5. Nxd4 Nf6 6. Ndb5 d6 7. Be3 a6 8. Nd4 e5 9. Nf3 b5 10. a3 Rb8 11. b4 Bb7 12. Bd3 Qc8 13. Ne2 Ne7 14. Nd2 d5 15. f3 Ng6 16. 0-0 Be7 17. Rc1 0-0 18. Bf2 Qd7 19. Ng3 Rfd8 20. Bb6 Re8 21. Bf2 Rbc8 22. exd5 Bxd5 23. Bf5 Be6 24. Bxe6 Qxe6 25. Nde4 Nd5 26. Nc5 Bxc5 27. bxc5 Red8 28. Qe1 Ngf4 29. Ne4 Nxg2 30. Kxg2 Nf4+ 31. Kh1 Qh3 0-1